| 000 -LEADER |
| fixed length control field |
00883pab a2200169 454500 |
| 008 - FIXED-LENGTH DATA ELEMENTS--GENERAL INFORMATION |
| fixed length control field |
180718b2002 xxu||||| |||| 00| 0 eng d |
| 100 ## - MAIN ENTRY--PERSONAL NAME |
| Personal name |
Banerjee, Sumanta |
| 245 ## - TITLE STATEMENT |
| Title |
Two elections - two sides of the coin |
| 260 ## - PUBLICATION, DISTRIBUTION, ETC. |
| Date of publication, distribution, etc. |
2002 |
| 300 ## - PHYSICAL DESCRIPTION |
| Extent |
p.4481-482. |
| 362 ## - DATES OF PUBLICATION AND/OR SEQUENTIAL DESIGNATION |
| Dates of publication and/or sequential designation |
2 Nov |
| 520 ## - SUMMARY, ETC. |
| Summary, etc. |
The resumption of the Indo-Pak dialogue appears to have been hinged on the conduct of `free and fair' elections in Pakistan as well as Jammu and Kashmir. Now, although the US has given both Vajpayee and Musharraf clean chits on that count, there appear to be no signs of new initiatives between the two countries. In fact in the post poll scenario, the influence of the hawks on their respective governments appear to be set to increase. - Reproduced. |
| 650 ## - SUBJECT ADDED ENTRY--TOPICAL TERM |
| Topical term or geographic name entry element |
India - Foreign relations - Pakistan |
| 650 ## - SUBJECT ADDED ENTRY--TOPICAL TERM |
| Topical term or geographic name entry element |
Elections |
| 773 ## - HOST ITEM ENTRY |
| Main entry heading |
Economic and Political Weekly |
| 909 ## - |
| -- |
54424 |